Trabajos prácticos de Geografía humana

Αποθηκεύτηκε σε:
Λεπτομέρειες βιβλιογραφικής εγγραφής
Κύριοι συγγραφείς: Coward, John (Συγγραφέας), Eastwood, David (Συγγραφέας), Edwards, Christopher (Συγγραφέας), Pollard, John (Συγγραφέας), Poole, Michael (Συγγραφέας)
Μορφή: Βιβλίο
Γλώσσα:Ισπανικά
Έκδοση: Madrid Akal 1990
Θέματα:
Ετικέτες: Προσθήκη ετικέτας
Δεν υπάρχουν, Καταχωρήστε ετικέτα πρώτοι!

MARC

LEADER 00000cam a2200000 a 4500
001 UCP3953
003 CL-VaPUC
008 990709e19900000SP |||||||||||||||||spa|d
020 |a 8476005717 
082 0 4 |a 304.2  |b COW  |2 21 
100 0 |a Coward, John  |e author  |9 431362 
700 0 |a Eastwood, David  |e author  |9 431363 
700 0 |a Edwards, Christopher  |e author  |9 431364 
700 0 |a Pollard, John  |e author  |9 431365 
700 0 |a Poole, Michael  |e author  |9 431366 
245 1 0 |a Trabajos prácticos de Geografía humana 
300 |a 63 p 
942 |c BK 
945 |d 19990709 00:00:00  |a vberengu 
260 |a Madrid  |b Akal  |c 1990 
650 0 |a Población  |9 257577 
650 0 |a Migraciones   |9 377610 
650 0 |a Economía   |9 255568 
650 0 |a Empleo  |9 339124 
650 0 |a Agricultura  |9 255598 
650 7 |a FABRICACION  |2 CL-VaPUC  |9 362458 
650 7 |a TRANSPORTE  |2 CL-VaPUC  |9 256365 
650 0 |a Comercialización   |9 259326 
650 0 |a Comercio  |9 255341 
583 |a last modification  |c 20131028 04:59:43  |k Rodrigo Vera 
999 |c 282064  |d 282062 
952 |0 0  |1 0  |4 0  |6 304_200000000000000_COW_1990  |7 0  |8 A  |9 323467  |a BIBING  |b BIBING  |d 2019-11-20  |i 3527417  |o 304.2 COW 1990  |p 3527417  |r 2025-01-20  |w 2019-11-20  |y BK  |k GEO 
952 |0 0  |1 0  |3 erb  |4 0  |6 304_200000000000000_COW_1990  |7 0  |8 A  |9 323468  |a BIBING  |b BIBING  |i 5027152  |o 304.2 COW 1990  |p 5027152  |r 2025-01-20  |w 2019-11-20  |y BK  |z Catalogado en:20131220  |k GEO